La vanguardia teatral en España: 1965-1975. Del ritual al juego
Uloženo v:
| Hlavní autor: | |
|---|---|
| Médium: | Kniha |
| Jazyk: | španělština |
| Vydáno: |
Madrid
Visor Libros
2000
|
| Edice: | Biblioteca Filológica Hispana, 44
|
| Témata: | |
| Tagy: |
Přidat tag
Žádné tagy, Buďte první, kdo vytvoří štítek k tomuto záznamu!
|
MARC
| LEADER | 00000nam a2200000 a 4500 | ||
|---|---|---|---|
| 001 | UCO9845 | ||
| 003 | CL-VaPUC | ||
| 008 | 010309e20000000SP |||||||||||||||||spa|d | ||
| 082 | 0 | 4 | |a 862.09 |b COR |2 21 |
| 100 | 0 | |a Cornago Bernal, Oscar |e author |9 455006 | |
| 245 | 1 | 3 | |a La vanguardia teatral en España: 1965-1975. Del ritual al juego |
| 300 | |a 304 p | ||
| 942 | |c BK | ||
| 945 | |d 20010309 00:00:00 |a cmena | ||
| 260 | |a Madrid |b Visor Libros |c 2000 | ||
| 650 | 0 | |a Teatro español |9 265077 | |
| 650 | 0 | |a Historia y crítica |9 257407 | |
| 650 | 0 | |a Vanguardismo |9 455007 | |
| 650 | 0 | |a Estilos literarios |9 310538 | |
| 650 | 7 | |a ESPECTACULOS TEATRALES |2 CL-VaPUC |9 455008 | |
| 583 | |a last modification |c 20010309 00:00:00 |k Rodrigo Vera | ||
| 490 | 0 | |a Biblioteca Filológica Hispana, 44 | |
| 999 | |c 293867 |d 293865 | ||
| 952 | |0 0 |1 0 |4 0 |6 862_090000000000000_COR_2000 |7 0 |8 A |9 345634 |a FDOPOS |b FDOPOS |d 2019-11-20 |i 3692663 |o 862.09 COR 2000 |p 3692663 |r 2025-01-22 |w 2019-11-20 |y BK |k MLH | ||